00281 a2200121 4500001000700000020001800007040003500025100003800060240002300098245001800121300001100139362000900150156877 a9788532293824 cEscola São Tomás de Aquino aRODRIGUES, Joelza Ester Domingues10aProjeto Athoslpor10aProjeto Athos a240 p.0 a2014